New kids on the net: (Record no. 109843)
[ view plain ]
| 000 -LEADER | |
|---|---|
| fixed length control field | 00363nam a2200121 a 4500 |
| 005 - DATE AND TIME OF LATEST TRANSACTION | |
| control field | 20140414131844.0 |
| 008 - FIXED-LENGTH DATA ELEMENTS--GENERAL INFORMATION | |
| fixed length control field | 100524s19uu xx 00 eng d |
| 050 ## - LIBRARY OF CONGRESS CALL NUMBER | |
| Classification number | M 004.67 |
| Item number | B87 1997 |
| 100 ## - MAIN ENTRY--PERSONAL NAME | |
| Personal name | Burgstahler, Sheryl |
| 245 ## - TITLE STATEMENT | |
| Title | New kids on the net: |
| Remainder of title | A tutorial for teachers, parents and students. |
| 650 ## - SUBJECT ADDED ENTRY--TOPICAL TERM | |
| Topical term or geographic name as entry element | Internet |
| General subdivision | Juvenile literature |
| Withdrawn status | Lost status | Damaged status | Home library | Current library | Shelving location | Date acquired | Source of acquisition | Total Checkouts | Full call number | Barcode | Date last seen | Price effective from | Koha item type |
|---|---|---|---|---|---|---|---|---|---|---|---|---|---|
| Munich Library | Munich Library | Main Section | 05/24/2010 | M 004.67 B87 1997 | M0009 | 04/14/2014 | 04/14/2014 | Books |